Paper P1 Professional Accountant: Complete Text (Record no. 6115)

MARC details
005 - DATE AND TIME OF LATEST TRANSACTION
control field 20250628163337.0
020 ## - INTERNATIONAL STANDARD BOOK NUMBER
International Standard Book Number 978-1-84710-733-6
100 ## - MAIN ENTRY--PERSONAL NAME
Author name KAPLAN FINANCIAL LIMITED
245 ## - TITLE STATEMENT
Title Paper P1 Professional Accountant: Complete Text
260 ## - PUBLICATION, DISTRIBUTION, ETC.
Place of publication, distribution, etc. London
Name of publisher, distributor, etc. Kaplan
Date of publication, distribution, etc. 2009
300 ## - PHYSICAL DESCRIPTION
Extent xxiii, 534p.: ill; Figure, Table
Other physical details Index
Dimensions 29cm
942 ## - ADDED ENTRY ELEMENTS (KOHA)
Source of classification or shelving scheme Dewey Decimal Classification
Koha item type Books
Holdings
Date last seen Total checkouts Barcode Cost, replacement price Price effective from Koha item type Lost status Source of classification or shelving scheme Damaged status Not for loan Withdrawn status Home library Current library Shelving location Date acquired Source of acquisition Cost, normal purchase price Full call number
06/28/2025   MBY000243 330000.00 06/28/2025 Books   Dewey Decimal Classification       CBE MBEYA CBE MBEYA General Collection 06/28/2025 Purchase 110000.00  
06/28/2025   MBY0001025 330000.00 06/28/2025 Books   Dewey Decimal Classification       CBE MBEYA CBE MBEYA General Collection 06/28/2025 DONATION 110000.00 657 ACC